Westchester Collection - US Mint Stamps (2008) (Record no. 3390)
[ view plain ]
| 000 -LEADER | |
|---|---|
| fixed length control field | 00291nam a22000977a 4500 |
| 008 - FIXED-LENGTH DATA ELEMENTS--GENERAL INFORMATION | |
| fixed length control field | 220523b ||||| |||| 00| 0 eng d |
| 100 ## - MAIN ENTRY--AUTHOR'S NAME | |
| Author's Name | Spink Shreves Galleries |
| 245 ## - TITLE STATEMENT | |
| Title | Westchester Collection - US Mint Stamps (2008) |
| 260 ## - PUBLICATION, DISTRIBUTION, ETC. (IMPRINT) | |
| Place of publication, distribution, etc. | New Yokr |
| Name of publisher, distributor, etc. | Spink Shreves Galleries |
| 650 ## - TOPICAL TERM (Tag) | |
| Topical term or geographic name | US Stamps| Mint |
| Withdrawn status | Lost status | Source of classification or shelving scheme | Damaged status | Koha normalized classification for sorting | Not for loan | Permanent Location | Current Location | Shelving location | Date acquired | Total Checkouts | Full call number | Barcode | Date last seen | Copy number | Price effective from | Koha item type |
|---|---|---|---|---|---|---|---|---|---|---|---|---|---|---|---|---|
| G3701 C614 S7576 | Northern Philatelic Library | Northern Philatelic Library | General Stacks | 05/23/2022 | G3701 C614 S7576 | 1005853 | 05/23/2022 | 1 | 05/23/2022 | Auction Catalogs |